| 000 | 00406nam a2200145Ia 4500 | ||
|---|---|---|---|
| 005 | 20240503005044.0 | ||
| 008 | 240331s9999 xx 000 0 und d | ||
| 020 | _a8185399476 | ||
| 082 |
_bCHI _a5554 |
||
| 245 | 0 |
_aAgainst child labour : _bIndian and international dimensions and strategies |
|
| 260 |
_aNew Delhi _bMosaic books _c1999 |
||
| 300 | _axv, 360 p ., | ||
| 700 |
_avoll, Klaus. _eedt |
||
| 942 | _cL | ||
| 999 |
_c2590 _d2590 |
||